Pièce 2 Euros par pays. Images - Statistiques

Statistiques générales
  • Ce quiz a été pris 290 fois
  • Le résultat moyen est 17 sur 22
Statistiques - réponses
Par images Réponse % Correct
France
99%
Espagne
98%
Monaco
98%
Andorre
93%
Vatican
93%
Saint marin
92%
Lituanie
89%
Pays-Bas
89%
Allemagne
88%
Irlande
81%
Italie
80%
Malte
76%
Grèce
75%
Autriche
72%
Lettonie
72%
Portugal
65%
Estonie
64%
Luxembourg
64%
Slovaquie
61%
Belgique
51%
Chypre
48%
Finlande
28%
Aucun quiz correspondant
Distribution des résultats
% des personnes avec chaque résultat
Percentile par nombre de réponses
Votre historique - résultats
Vous n’avez pas pris ce quiz